00566 2200205 4500001002100000005001700021008004100038020002200079035002400101040001200125082001400137090002000151100001400171245005100185260004200236300002800278650002000306850001200326990002200338INLIS00000000002102120161123084853.0  a978-979-185-181-7 0010-061600000000432 aYOPDYOG 223a401.9 aDEP 401.9 Suk P aSURASTINA aPsikolinguistik: Sebuah Pengantarc/ Surastina aYogyakartabParadigma Indonesiac2010 avii, 184 hlm.c; 21 cm. aPsikolinguistik aYOPDYOG aCB-D.11/2010-1940